پتلی برف / (Record no. 189466)

MARC details
000 -LEADER
fixed length control field 00581nam a22001937a 4500
005 - DATE AND TIME OF LATEST TRANSACTION
control field 20220701143125.0
010 ## - LCCN (DPL NO)
LC control number UR-11609
020 ## - INTERNATIONAL STANDARD BOOK NUMBER
International Standard Book Number 9788186346846
Terms of availability 400.00
035 ## - SYSTEM CONTROL NUMBER
System control number U-10164
037 ## - SOURCE OF ACQUISITION
Source of stock number/acquisition DBAD/PUB
Stock number -
082 ## - DEWEY DECIMAL CLASSIFICATION NUMBER
Classification number 841
100 ## - MAIN ENTRY--PERSONAL NAME
Personal name ف۔ س۔ اعجا ز
245 ## - TITLE STATEMENT
Title پتلی برف /
Statement of responsibility, etc ف۔ س۔ اعجا ز
Medium ا ر د و
246 ## - VARYING FORM OF TITLE
Title proper/short title Patli Barf /
Remainder of title by Fay Seen Ejaz
260 ## - PUBLICATION, DISTRIBUTION, ETC. (IMPRINT)
Place of publication, distribution, etc Kolkata
Name of publisher, distributor, etc Insha Publications
Date of publication, distribution, etc 2022 ء
270 ## - ADDRESS
Address 25-B, Zakaria Street
City Kolkata
Postal code 700073
300 ## - PHYSICAL DESCRIPTION
Extent 300 ص
Dimensions 22cm(pbk)
942 ## - ADDED ENTRY ELEMENTS (KOHA)
Source of classification or shelving scheme Dewey Decimal Classification
Item type Urdu Bks
Classification part 841
Call number suffix ا ع ج
Holdings
Withdrawn status Lost status Not for loan Collection code Home library Current library Date acquired Source of acquisition Cost, normal purchase price Full call number Barcode Copy number Cost, replacement price Koha item type
      Non-fiction Central Library Central Library 01/07/2022 DBAD/PUB 400.00 841 ا ع ج U-10164 1 400.00 Urdu Bks

© Delhi Public Library
Hit Counter
free hit counter